[Event "Sao Martinho do Porto op 1st"]
[Site "Sao Martinho do Porto"]
[Date "2018.09.16"]
[Round "3"]
[White "Dias, Jose Oliveira Gaspa"]
[Black "Bous, Florian"]
[Result "0-1"]
[WhiteElo "1622"]
[BlackElo "2019"]
[PlyCount "92"]
[EventDate "2018.09.15"]
[EventType "swiss"]
[EventRounds "9"]
[EventCountry "POR"]
[SourceTitle "CBM 186 Extra"]
[Source "ChessBase"]
[SourceDate "2018.08.24"]
[SourceVersion "1"]
[SourceVersionDate "2018.08.24"]
[SourceQuality "1"]

1. d4 Nf6 2. Bf4 b6 3. e3 Bb7 4. Nf3 e6 5. Bd3 c5 6. c3 Be7 7. h3 Nc6 8. 0-0 d6 9. Qc2 Rc8 10. Nbd2 0-0 11. a3 h6 12. Rad1 cxd4 13. exd4 a6 14. Rfe1 b5 15. Qb1 Na5 16. Ne4 Nd5 17. Bh2 Nc4 18. Nfd2 Qb6 19. Nf1 Qc6 20. f3 a5 21. Ned2 Bg5 22. Nxc4 bxc4 23. Be4 Qb6 24. Re2 Rfd8 25. Rde1 e5 26. Kh1 exd4 27. cxd4 Rb8 28. Qc2 Qb5 29. Bxd5 Bxd5 30. Nd2 Bh4 31. Rb1 Rbc8 32. Qc3 Be6 33. Rc1 Qd5 34. Nf1 Bf6 35. Bg1 Qb5 36. Ne3 Re8 37. Bf2 a4 38. Ng4 Bd8 39. Rce1 Ba5 40. Qe3 Bxg4 41. Qxe8+ Rxe8 42. Rxe8+ Kh7 43. R1e7 Be6 44. Rf8 Qxb2 45. Bg3 Qxd4 46. Rb7 Bb6 0-1

[Event "Zuerich op-B 41st"]
[Site "Zuerich"]
[Date "2017.12.27"]
[Round "2"]
[White "Bilat, Michel"]
[Black "Bous, Florian"]
[Result "0-1"]
[WhiteElo "1840"]
[BlackElo "2012"]
[PlyCount "116"]
[EventDate "2017.12.26"]
[EventType "swiss"]
[EventRounds "7"]
[EventCountry "SUI"]
[SourceTitle "CBM 182 Extra"]
[Source "ChessBase"]
[SourceDate "2018.02.23"]
[SourceVersion "1"]
[SourceVersionDate "2018.02.23"]
[SourceQuality "1"]

1. d4 Nf6 2. Nf3 e6 3. e3 b6 4. Bd3 Bb7 5. Nbd2 c5 6. 0-0 Be7 7. Re1 Nc6 8. c3 0-0 9. Qe2 d5 10. e4 dxe4 11. Nxe4 cxd4 12. Rd1 Qc7 13. Nxd4 Nxd4 14. cxd4 Qc6 15. f3 Rfd8 16. Be3 Rac8 17. Rac1 Qd7 18. Rxc8 Rxc8 19. Qd2 Nd5 20. a3 Qa4 21. Rc1 Rxc1+ 22. Qxc1 Qb3 23. Nf2 Nxe3 24. Qxe3 Qxb2 25. g3 Qxa3 26. Qe5 Bxf3 27. Qe3 Bd5 28. h4 g6 29. Kh2 h5 30. Qf4 Qd6 31. Qxd6 Bxd6 32. Ne4 Be7 33. Nc3 Bb7 34. Kh3 Bf6 35. Ne2 Bf3 36. Nc3 a5 37. Nb5 Kf8 38. Kh2 Ke7 39. Kg1 Bc6 40. Kf2 Bxb5 41. Bxb5 Bxd4+ 42. Kf3 Bf6 43. Kf4 Bc3 44. Ba4 e5+ 45. Ke4 Be1 46. Kf3 f5 47. Bb5 Kf6 48. Ba4 g5 49. hxg5+ Kxg5 50. Bb5 e4+ 51. Kg2 f4 52. gxf4+ Kxf4 53. Kf1 Bc3 54. Kg2 Ke3 55. Kf1 Kd2 56. Kf2 e3+ 57. Kf1 a4 58. Bxa4 e2+ 0-1

[Event "Zuerich op-B 41st"]
[Site "Zuerich"]
[Date "2017.12.26"]
[Round "1"]
[White "Bous, Florian"]
[Black "Simic, Bosko"]
[Result "1-0"]
[WhiteElo "2012"]
[BlackElo "1751"]
[PlyCount "75"]
[EventDate "2017.12.26"]
[EventType "swiss"]
[EventRounds "7"]
[EventCountry "SUI"]
[SourceTitle "CBM 182 Extra"]
[Source "ChessBase"]
[SourceDate "2018.02.23"]
[SourceVersion "1"]
[SourceVersionDate "2018.02.23"]
[SourceQuality "1"]

1. d4 Nf6 2. c4 d5 3. cxd5 Nxd5 4. Nf3 Nc6 5. e4 Nf6 6. Nc3 Bg4 7. d5 Ne5 8. Be2 Nxf3+ 9. Bxf3 Bxf3 10. Qxf3 h6 11. 0-0 Qd7 12. e5 Qg4 13. exf6 Qxf3 14. gxf3 gxf6 15. Bf4 e5 16. dxe6 fxe6 17. Bxc7 Rc8 18. Nb5 Be7 19. Nd6+ Bxd6 20. Bxd6 h5 21. Rfe1 Kf7 22. Rac1 Rhe8 23. Rc7+ Rxc7 24. Bxc7 Kg6 25. Ba5 Kg5 26. Rd1 Re7 27. Rd4 e5 28. Rd6 Kf5 29. Bd8 Rg7+ 30. Kf1 Rf7 31. Ke2 h4 32. h3 b6 33. Ke3 Kg6 34. Ke4 Kg5 35. a4 Kg6 36. f4 exf4 37. Kxf4 Rf8 38. Kg4 1-0

[Event "Bad Woerishofen op 33rd"]
[Site "Bad Woerishofen"]
[Date "2017.03.14"]
[Round "5"]
[White "Bous, Florian"]
[Black "Kannenberg, Karl Heinz"]
[Result "0-1"]
[WhiteElo "1990"]
[BlackElo "2212"]
[PlyCount "42"]
[EventDate "2017.03.10"]
[EventType "swiss"]
[EventRounds "9"]
[EventCountry "GER"]
[SourceTitle "EXT 2018"]
[Source "ChessBase"]
[SourceDate "2017.10.13"]
[SourceVersion "1"]
[SourceVersionDate "2017.10.13"]
[SourceQuality "1"]

1. d4 f5 2. g3 Nf6 3. Bg2 e6 4. Nf3 d5 5. c4 Bd6 6. 0-0 0-0 7. Bf4 Bxf4 8. gxf4 b6 9. cxd5 Nxd5 10. Qc1 Bb7 11. Ne5 Nd7 12. Nxd7 Qxd7 13. e3 Rf6 14. Nd2 Rg6 15. Nf3 Nc3 16. Kh1 Rxg2 17. Kxg2 Qd5 18. e4 Nxe4 19. Re1 Nd2 20. Qxd2 Qxf3+ 21. Kf1 Ba6+ 0-1

[Event "SUI-chT"]
[Site "Switzerland"]
[Date "2013.09.08"]
[Round "7.7"]
[White "Pedrini, Pier Paolo"]
[Black "Bous, Florian"]
[Result "1-0"]
[WhiteElo "1969"]
[BlackElo "2077"]
[PlyCount "157"]
[EventDate "2013.03.17"]
[EventType "team-tourn"]
[EventRounds "9"]
[EventCountry "SUI"]
[SourceTitle "EXT 2014"]
[Source "ChessBase"]
[SourceDate "2013.11.20"]
[SourceVersion "1"]
[SourceVersionDate "2013.11.20"]
[SourceQuality "1"]
[WhiteTeam "Mendrisio"]
[BlackTeam "Wollishofen"]
[WhiteTeamCountry "SUI"]
[BlackTeamCountry "SUI"]

1. d4 d5 2. c4 c6 3. Nc3 Nf6 4. Nf3 e6 5. e3 Nbd7 6. Qc2 Bd6 7. Bd3 0-0 8. 0-0 Re8 9. Rd1 Qe7 10. e4 e5 11. cxd5 cxd5 12. Bg5 h6 13. Nxd5 Qe6 14. Bxf6 gxf6 15. Nc7 Bxc7 16. Qxc7 Nb6 17. d5 Qg4 18. h3 Qf4 19. Qc1 Qxc1 20. Raxc1 f5 21. Bb5 Bd7 22. Bxd7 Nxd7 23. exf5 e4 24. Nh4 Rac8 25. g4 Nf6 26. Rxc8 Rxc8 27. Ng2 Rc2 28. d6 Nd7 29. b4 Rxa2 30. Rd4 Kg7 31. Ne3 Kf6 32. Rxe4 Rd2 33. Nc4 Rd1+ 34. Kg2 b5 35. Re7 bxc4 36. Rxd7 a6 37. Rc7 Rd4 38. Rc6 Ke5 39. d7 Rxd7 40. Rxc4 Rd6 41. Kg3 Rb6 42. f3 Rd6 43. h4 Rb6 44. Re4+ Kf6 45. Kf4 Rb5 46. g5+ hxg5+ 47. hxg5+ Kg7 48. Kg4 Rd5 49. Rc4 Rb5 50. Rf4 Rb8 51. Rd4 Rb5 52. f4 a5 53. bxa5 Rxa5 54. Rd8 Ra1 55. f6+ Kh7 56. Rf8 Rg1+ 57. Kf3 Kg6 58. Kf2 Ra1 59. Kf3 Rf1+ 60. Ke3 Re1+ 61. Kf2 Ra1 62. Re8 Kf5 63. Re3 Ra4 64. Rf3 Kg4 65. Kg2 Ra2+ 66. Rf2 Ra3 67. Kf1 Kg3 68. Rg2+ Kh3 69. g6 Ra1+ 70. Kf2 Ra2+ 71. Kf3 Ra3+ 72. Ke4 Ra4+ 73. Ke5 Kxg2 74. gxf7 Ra8 75. Ke6 Kg3 76. Ke7 Ra7+ 77. Kf8 Ra8+ 78. Kg7 Ra7 79. Kg8 1-0

[Event "Terre degli Elimi op 4th"]
[Site "Erice"]
[Date "2013.07.26"]
[Round "4"]
[White "Bous, Florian"]
[Black "Calamia, Giampaolo"]
[Result "1-0"]
[WhiteElo "2072"]
[BlackElo "1803"]
[PlyCount "65"]
[EventDate "2013.07.24"]
[EventType "swiss"]
[EventRounds "7"]
[EventCountry "ITA"]
[SourceTitle "EXT 2015"]
[Source "ChessBase"]
[SourceDate "2014.11.20"]
[SourceVersion "1"]
[SourceVersionDate "2014.11.20"]
[SourceQuality "1"]

1. d4 d5 2. c4 e6 3. Nc3 c6 4. e3 f5 5. Bd3 Nf6 6. Qc2 Ne4 7. Nge2 Bd6 8. b3 0-0 9. Bb2 Nd7 10. g3 Qg5 11. Nf4 Qf6 12. 0-0-0 g5 13. Ng2 Qe7 14. f3 Nxc3 15. Bxc3 Nf6 16. e4 fxe4 17. fxe4 dxe4 18. Bxe4 Nxe4 19. Qxe4 Bd7 20. Rhe1 Rae8 21. Ne3 Ba3+ 22. Kb1 Qg7 23. c5 Re7 24. Rd3 b6 25. b4 a5 26. d5 Qg6 27. Qxg6+ hxg6 28. Nc2 Bxb4 29. Nxb4 axb4 30. Bxb4 b5 31. dxc6 Bxc6 32. Rd6 Bg2 33. c6 1-0

[Event "Terre degli Elimi op 4th"]
[Site "Erice"]
[Date "2013.07.25"]
[Round "2"]
[White "Bous, Florian"]
[Black "Bartel, Marta"]
[Result "0-1"]
[WhiteElo "2072"]
[BlackElo "2297"]
[PlyCount "96"]
[EventDate "2013.07.24"]
[EventType "swiss"]
[EventRounds "7"]
[EventCountry "ITA"]
[SourceTitle "EXT 2015"]
[Source "ChessBase"]
[SourceDate "2014.11.20"]
[SourceVersion "1"]
[SourceVersionDate "2014.11.20"]
[SourceQuality "1"]

1. d4 g6 2. e4 Bg7 3. c4 c5 4. d5 d6 5. Bd3 e6 6. Ne2 Ne7 7. Nec3 0-0 8. Bf4 e5 9. Bg5 h6 10. Be3 f5 11. f3 Nd7 12. Qd2 f4 13. Bf2 Nf6 14. g4 g5 15. Na3 Ng6 16. 0-0-0 a6 17. Rdg1 Bd7 18. h4 Nh7 19. hxg5 Nxg5 20. Qe2 Rb8 21. Nc2 Qe8 22. Ne1 b5 23. b3 b4 24. Nd1 a5 25. Bc2 a4 26. Nb2 axb3 27. Bxb3 Ra8 28. Kd2 Ra5 29. Rh5 Qa8 30. Ned3 Rxa2 31. Bxa2 Qxa2 32. Rhh1 Qa3 33. Qd1 Ra8 34. Ke2 Qa6 35. Qb3 Qc8 36. Be1 Ra3 37. Qc2 Qa8 38. Bd2 Nf8 39. Bc1 Nfh7 40. Rh4 Nf6 41. Bd2 Qc8 42. Kf2 Nxg4+ 43. fxg4 Nxe4+ 44. Ke1 Ng5 45. Qd1 e4 46. Bxf4 Nf3+ 47. Qxf3 exf3 48. g5 Qe8+ 0-1

[Event "Gibraltar Masters 9th"]
[Site "Caleta"]
[Date "2011.01.31"]
[Round "7"]
[White "Bous, Florian"]
[Black "Spence, David"]
[Result "1/2-1/2"]
[WhiteElo "2088"]
[BlackElo "2231"]
[PlyCount "120"]
[EventDate "2011.01.25"]
[EventType "swiss"]
[EventRounds "10"]
[EventCountry "GGB"]
[SourceTitle "CBM 141"]
[Source "ChessBase"]
[SourceDate "2011.03.17"]
[SourceVersion "1"]
[SourceVersionDate "2011.03.17"]
[SourceQuality "1"]

1. d4 e6 2. Nf3 Nf6 3. c4 b6 4. Nc3 Bb4 5. Bg5 Bb7 6. Nd2 h6 7. Bh4 g5 8. Bg3 Bxc3 9. bxc3 d6 10. f3 Nbd7 11. e4 Qe7 12. a4 a5 13. Bd3 Nh5 14. Bf2 Nf4 15. Bf1 f5 16. g3 Ng6 17. Bd3 fxe4 18. Bxe4 Bxe4 19. fxe4 h5 20. Qe2 c5 21. Be3 g4 22. h3 gxh3 23. Rxh3 0-0-0 24. Rxh5 Qg7 25. 0-0-0 cxd4 26. cxd4 Kb7 27. Rb5 Ra8 28. Qg4 Qf7 29. Rf1 Qe8 30. c5 dxc5 31. dxc5 Nge5 32. Qe2 Qc8 33. Kb1 Qc6 34. Ka2 Ra6 35. Bd4 Rc8 36. Nb3 Kb8 37. Rc1 Qb7 38. Nxa5 Rxa5 39. Rxa5 Nc6 40. Rb1 Nxa5 41. Qb5 Nc6 42. Be3 Na7 43. Qb3 Qxe4 44. cxb6 Rc2+ 45. Ka3 Nc6 46. b7 Qc4 47. Qxc4 Rxc4 48. Rb3 e5 49. Bf2 Nc5 50. Bxc5 Rxc5 51. g4 Rc4 52. g5 Rg4 53. Rb6 Na5 54. Rb5 Nc4+ 55. Kb3 Nd2+ 56. Kc2 Nf3 57. Kd3 e4+ 58. Ke3 Rxg5 59. Kxe4 Nd2+ 60. Kd3 Rxb5 1/2-1/2

[Event "Gibraltar Masters 9th"]
[Site "Caleta"]
[Date "2011.01.28"]
[Round "4"]
[White "Stebbings, Anthony"]
[Black "Bous, Florian"]
[Result "1-0"]
[WhiteElo "2285"]
[BlackElo "2088"]
[PlyCount "119"]
[EventDate "2011.01.25"]
[EventType "swiss"]
[EventRounds "10"]
[EventCountry "GGB"]
[SourceTitle "CBM 141"]
[Source "ChessBase"]
[SourceDate "2011.03.17"]
[SourceVersion "1"]
[SourceVersionDate "2011.03.17"]
[SourceQuality "1"]

1. e4 e5 2. Nf3 Nc6 3. Bb5 a6 4. Ba4 Nf6 5. Qe2 b5 6. Bb3 Be7 7. c3 d6 8. 0-0 0-0 9. Rd1 Bb7 10. d4 Qc8 11. Nbd2 Qg4 12. h3 Qh5 13. Nf1 Nd7 14. Ng3 Qg6 15. a4 b4 16. a5 bxc3 17. bxc3 exd4 18. cxd4 Nb4 19. Qc4 d5 20. Qxc7 Qc6 21. Qxc6 Bxc6 22. Nf5 Bd8 23. e5 h6 24. Ne3 Rb8 25. Bd2 Re8 26. Rdc1 Ba8 27. Bxb4 Rxb4 28. Bxd5 Bxd5 29. Nxd5 Rb5 30. Nc7 Bxc7 31. Rxc7 Nf8 32. Kf1 Rd8 33. Ra7 Ne6 34. Rxa6 Nxd4 35. Rd6 Rxd6 36. exd6 Nxf3 37. a6 Rb8 38. a7 Ra8 39. gxf3 Kf8 40. d7 Ke7 41. Rd1 Kd8 42. Ra1 Kxd7 43. Ke2 Kc6 44. Ke3 Re8+ 45. Kd4 Rd8+ 46. Kc4 Ra8 47. Ra6+ Kb7 48. Kb5 h5 49. Rb6+ Kxa7 50. Ra6+ Kb7 51. Rxa8 Kxa8 52. Kc6 Kb8 53. Kd7 f6 54. f4 Kb7 55. Ke6 Kc6 56. Kf7 Kd5 57. Kxg7 Ke4 58. Kxf6 Kxf4 59. Kg6 h4 60. Kh5 1-0

[Event "Gibraltar Masters 9th"]
[Site "Caleta"]
[Date "2011.01.27"]
[Round "3"]
[White "Bous, Florian"]
[Black "Bellin, Robert"]
[Result "0-1"]
[WhiteElo "2088"]
[BlackElo "2367"]
[PlyCount "66"]
[EventDate "2011.01.25"]
[EventType "swiss"]
[EventRounds "10"]
[EventCountry "GGB"]
[SourceTitle "CBM 141"]
[Source "ChessBase"]
[SourceDate "2011.03.17"]
[SourceVersion "1"]
[SourceVersionDate "2011.03.17"]
[SourceQuality "1"]

1. d4 f5 2. g3 Nf6 3. Bg2 e6 4. c4 Be7 5. Nf3 c6 6. 0-0 0-0 7. Nbd2 d5 8. b3 Ne4 9. Bb2 Nd7 10. Qc2 a5 11. a3 Kh8 12. Ne1 Nxd2 13. Qxd2 a4 14. cxd5 cxd5 15. b4 Nb6 16. Nd3 Nc4 17. Qc2 Bd7 18. Ne5 Bb5 19. Nxc4 Bxc4 20. Rfe1 f4 21. Bc1 Bd6 22. Bf3 Qf6 23. Bb2 b5 24. Kg2 Rf7 25. g4 Qh4 26. h3 Raf8 27. Bc3 Bc7 28. Rh1 Bb6 29. Raf1 Rc7 30. Qd2 Bb3 31. e3 Rcf7 32. Re1 fxe3 33. Rxe3 e5 0-1

[Event "Gibraltar Masters 9th"]
[Site "Caleta"]
[Date "2011.01.26"]
[Round "2"]
[White "Bous, Florian"]
[Black "Siddiqui, Nida Mishraz"]
[Result "1-0"]
[WhiteElo "2088"]
[BlackElo "1738"]
[PlyCount "79"]
[EventDate "2011.01.25"]
[EventType "swiss"]
[EventRounds "10"]
[EventCountry "GGB"]
[SourceTitle "CBM 141"]
[Source "ChessBase"]
[SourceDate "2011.03.17"]
[SourceVersion "1"]
[SourceVersionDate "2011.03.17"]
[SourceQuality "1"]

1. d4 Nf6 2. c4 g6 3. f3 Bg7 4. e4 d6 5. Nc3 0-0 6. Bg5 Nbd7 7. Qd2 c5 8. d5 Ne8 9. Nge2 f6 10. Be3 Ne5 11. Ng3 Bd7 12. Be2 Nc7 13. f4 Ng4 14. Bxg4 Bxg4 15. f5 h5 16. h3 h4 17. Nf1 Bh5 18. g4 hxg3 19. Nxg3 Kf7 20. Nxh5 gxh5 21. Qg2 Rg8 22. Qg6+ Kf8 23. Qxh5 Qe8 24. Qf3 Qf7 25. 0-0-0 Ke8 26. Rdg1 Kd7 27. Rg6 a6 28. Rhg1 b5 29. Qg4 Ne8 30. h4 Rh8 31. h5 Bf8 32. Ne2 Kc8 33. h6 Rh7 34. Qh3 bxc4 35. Rg8 Rb8 36. R1g6 e6 37. fxe6 Qe7 38. Rxf8 Kd8 39. Rgg8 Kc7 40. Qh5 1-0

[Event "Merano Cup Gold 37th"]
[Site "Merano"]
[Date "2009.04.19"]
[Round "3"]
[White "Herbold, Manfred"]
[Black "Bous, Florian"]
[Result "1-0"]
[WhiteElo "2157"]
[BlackElo "2094"]
[PlyCount "37"]
[EventDate "2009.04.17"]
[EventType "swiss"]
[EventRounds "9"]
[EventCountry "ITA"]
[SourceTitle "CBM 130 Extra"]
[Source "ChessBase"]
[SourceDate "2009.07.02"]
[SourceVersion "2"]
[SourceVersionDate "2009.07.15"]
[SourceQuality "1"]

1. e4 e5 2. Bc4 Nf6 3. d4 Nxe4 4. dxe5 c6 5. Qe2 Nc5 6. Nc3 b5 7. Bd3 Nxd3+ 8. cxd3 Bb4 9. Qg4 Bf8 10. Qg3 d5 11. exd6 Qxd6 12. Bf4 Qe7+ 13. Nge2 Na6 14. Ne4 Qe6 15. 0-0 Qg4 16. Qe3 Be6 17. h3 Qh5 18. Bg5 Nc7 19. Nf4 1-0

[Event "Zuerich op-A 32nd"]
[Site "Zuerich"]
[Date "2008.12.27"]
[Round "3"]
[White "Bous, Florian"]
[Black "Kelecevic, Nedeljko"]
[Result "0-1"]
[WhiteElo "2113"]
[BlackElo "2366"]
[PlyCount "62"]
[EventDate "2008.12.26"]
[EventType "swiss"]
[EventRounds "7"]
[EventCountry "SUI"]
[SourceTitle "CBM 127 Extra"]
[Source "ChessBase"]
[SourceDate "2009.01.08"]
[SourceVersion "2"]
[SourceVersionDate "2009.01.28"]
[SourceQuality "1"]

1. d4 Nf6 2. c4 e6 3. Nf3 Bb4+ 4. Nc3 b6 5. Bg5 Bb7 6. e3 h6 7. Bh4 g5 8. Bg3 Ne4 9. Qb3 Bxc3+ 10. bxc3 d6 11. Nd2 Nxd2 12. Kxd2 Nd7 13. f3 Qe7 14. Be2 f5 15. Rae1 0-0-0 16. Kc1 e5 17. Bd3 e4 18. fxe4 Bxe4 19. Bxe4 Qxe4 20. Rhf1 Rhf8 21. Qb5 Qxg2 22. a4 Qa2 23. Rf2 Qa3+ 24. Kc2 f4 25. exf4 gxf4 26. Bh4 Rde8 27. Rg1 Re3 28. Rg3 Qa1 29. Qa6+ Kb8 30. Qb5 Re1 31. c5 Qd1+ 0-1

[Event "Zuerich op-A 31th"]
[Site "Zuerich"]
[Date "2007.12.26"]
[Round "1"]
[White "Rindlisbacher, Jan"]
[Black "Bous, Florian"]
[Result "1-0"]
[WhiteElo "1919"]
[BlackElo "2179"]
[PlyCount "109"]
[EventDate "2007.12.26"]
[EventType "swiss"]
[EventRounds "7"]
[EventCountry "SUI"]
[SourceTitle "CBM 122 Extra"]
[Source "ChessBase"]
[SourceDate "2008.03.04"]
[SourceVersion "1"]
[SourceVersionDate "2008.03.04"]
[SourceQuality "1"]

1. d4 Nf6 2. c4 e6 3. Nf3 b6 4. g3 Ba6 5. b3 Bb4+ 6. Bd2 Be7 7. Bg2 c6 8. Bc3 d5 9. Nbd2 Nbd7 10. 0-0 0-0 11. Bb2 Rc8 12. Rc1 c5 13. Re1 Ne4 14. Nxe4 dxe4 15. Ne5 f5 16. Nxd7 Qxd7 17. dxc5 Qxd1 18. Rcxd1 Bxc5 19. Rd7 Rf7 20. Red1 Rc7 21. Rd8+ Rf8 22. Be5 Re7 23. Rxf8+ Kxf8 24. Bd6 Bxd6 25. Rxd6 Kf7 26. f3 exf3 27. Bxf3 Bb7 28. Kf2 Kf6 29. Bxb7 Rxb7 30. Kf3 g5 31. Rd8 Ke5 32. g4 Rg7 33. gxf5 exf5 34. Rd5+ Ke6 35. e4 fxe4+ 36. Kxe4 h6 37. c5 bxc5 38. Rxc5 Kd6 39. Ra5 Re7+ 40. Kf5 Re2 41. h3 Rg2 42. Rxa7 h5 43. b4 Rg3 44. a4 Rxh3 45. Kxg5 Rh1 46. b5 h4 47. Kg4 Kc5 48. Ra6 Rh2 49. b6 Rb2 50. a5 Rb4+ 51. Kh3 Kc6 52. Ra7 Ra4 53. b7 Rb4 54. a6 Kc7 55. Ra8 1-0

[Event "Mittelfrankenliga-B2a 0607"]
[Site "Mittelfranken"]
[Date "2006.10.22"]
[Round "1.2"]
[White "Bous, Florian"]
[Black "Simon, Martin"]
[Result "0-1"]
[WhiteElo "2016"]
[BlackElo "2017"]
[PlyCount "46"]
[EventDate "2006.10.22"]
[EventType "team-tourn"]
[EventRounds "9"]
[EventCountry "GER"]
[SourceTitle "EXT 2011"]
[Source "ChessBase"]
[SourceDate "2010.11.26"]
[SourceVersion "1"]
[SourceVersionDate "2010.11.26"]
[SourceQuality "1"]
[WhiteTeam "Erlangen BSGW"]
[BlackTeam "Neumarkt"]
[WhiteTeamCountry "GER"]
[BlackTeamCountry "GER"]

1. d4 e6 2. c4 Nf6 3. Nc3 d5 4. Nf3 Be7 5. Bf4 Nh5 6. Bg3 c6 7. e3 Nd7 8. Qc2 g6 9. a3 f5 10. Nd2 0-0 11. Be2 Nxg3 12. hxg3 Nf6 13. f3 Qc7 14. Rh3 Bd6 15. 0-0-0 e5 16. cxd5 f4 17. dxe5 Bxe5 18. gxf4 Bxc3 19. Qxc3 Bxh3 20. gxh3 Rac8 21. Bc4 cxd5 22. Ne4 Qxc4 23. Nxf6+ Rxf6 0-1

[Event "Mittelfrankenliga-B2b 0506"]
[Site "Germany"]
[Date "2006.03.19"]
[Round "7.3"]
[White "Firla, Erwin"]
[Black "Bous, Florian"]
[Result "1/2-1/2"]
[WhiteElo "1944"]
[BlackElo "1943"]
[PlyCount "55"]
[EventDate "2005.10.16"]
[EventType "team"]
[EventRounds "9"]
[EventCountry "GER"]
[SourceTitle "EXT 2007"]
[Source "ChessBase"]
[SourceDate "2006.11.23"]
[SourceVersion "1"]
[SourceVersionDate "2006.11.23"]
[SourceQuality "1"]

1. e4 e5 2. Nf3 Nf6 3. Nxe5 d6 4. Nf3 Nxe4 5. Qe2 Qe7 6. d3 Nf6 7. Bg5 Nbd7 8. Nc3 Qxe2+ 9. Bxe2 h6 10. Be3 c6 11. 0-0 Be7 12. h3 Nb6 13. Rfe1 0-0 14. Bxb6 axb6 15. Bf1 Re8 16. Ne4 Be6 17. a3 b5 18. c3 d5 19. Ned2 c5 20. d4 b4 21. Bb5 bxc3 22. bxc3 Rec8 23. a4 cxd4 24. Nxd4 Rxc3 25. Nxe6 fxe6 26. Rxe6 Bc5 27. Kf1 Rc2 28. Re2 1/2-1/2

[Event "Mittelfrankenliga-B2b 0506"]
[Site "Germany"]
[Date "2006.01.15"]
[Round "4.3"]
[White "Bous, Florian"]
[Black "Konsek, Peter"]
[Result "1-0"]
[WhiteElo "1943"]
[BlackElo "1958"]
[PlyCount "75"]
[EventDate "2005.10.16"]
[EventType "team"]
[EventRounds "9"]
[EventCountry "GER"]
[SourceTitle "EXT 2007"]
[Source "ChessBase"]
[SourceDate "2006.11.23"]
[SourceVersion "1"]
[SourceVersionDate "2006.11.23"]
[SourceQuality "1"]

1. d4 Nf6 2. c4 e6 3. Nc3 Bb4 4. Nf3 Nc6 5. e3 d6 6. Bd2 0-0 7. Qc2 e5 8. d5 Ne7 9. Bd3 c6 10. dxc6 bxc6 11. 0-0 Bg4 12. Ne4 Nxe4 13. Bxb4 Nf6 14. Nd2 d5 15. f3 Bh5 16. Qc3 Qc7 17. Qa3 Rfe8 18. Bd6 Qd7 19. Bxe5 dxc4 20. Nxc4 Ned5 21. e4 Nb6 22. Bxf6 gxf6 23. Qc3 Qe6 24. Rac1 Rac8 25. Qa5 Qd7 26. Qxh5 Qxd3 27. Rfd1 Qe2 28. Rd2 Qxc4 29. Rxc4 Nxc4 30. Rc2 Ne5 31. Rc3 Ng6 32. Qh6 Rb8 33. b3 Rb5 34. h4 Rd8 35. h5 Nf8 36. f4 Ne6 37. Rg3+ Kh8 38. Qxf6+ 1-0

[Event "Mittelfrankenliga-B2b 0506"]
[Site "Germany"]
[Date "2005.12.04"]
[Round "3.3"]
[White "Kiefer, Johannes"]
[Black "Bous, Florian"]
[Result "0-1"]
[WhiteElo "1753"]
[BlackElo "1943"]
[PlyCount "64"]
[EventDate "2005.10.16"]
[EventType "team"]
[EventRounds "9"]
[EventCountry "GER"]
[SourceTitle "EXT 2007"]
[Source "ChessBase"]
[SourceDate "2006.11.23"]
[SourceVersion "1"]
[SourceVersionDate "2006.11.23"]
[SourceQuality "1"]

1. e4 e5 2. d4 exd4 3. Qxd4 Nc6 4. Qa4 Nf6 5. Bb5 Bc5 6. h3 Qe7 7. Nc3 0-0 8. Bg5 Nd4 9. 0-0-0 c6 10. Bd3 b5 11. Bxf6 gxf6 12. Bxb5 cxb5 13. Nxb5 Nxb5 14. Qxb5 d6 15. f3 a5 16. Ne2 Ba6 17. Qa4 Bxe2 18. Rde1 Ba6 19. f4 Rfb8 20. c3 Qb7 21. Qc2 Qb5 22. e5 Qc4 23. b3 Qxf4+ 24. Kb2 fxe5 25. Re4 Qf2 26. Rg4+ Kf8 27. Qxf2 Bxf2 28. h4 Bd3 29. h5 Ke7 30. h6 Rg8 31. Rxg8 Rxg8 32. Rh3 e4 0-1

[Event "Mittelfrankenliga-B2b 0506"]
[Site "Germany"]
[Date "2005.10.16"]
[Round "1.3"]
[White "Pranschke, Gerd"]
[Black "Bous, Florian"]
[Result "0-1"]
[WhiteElo "1963"]
[BlackElo "1943"]
[PlyCount "53"]
[EventDate "2005.10.16"]
[EventType "team"]
[EventRounds "9"]
[EventCountry "GER"]
[SourceTitle "EXT 2007"]
[Source "ChessBase"]
[SourceDate "2006.11.23"]
[SourceVersion "1"]
[SourceVersionDate "2006.11.23"]
[SourceQuality "1"]

1. e4 e5 2. Nf3 Nf6 3. Nxe5 d6 4. Nf3 Nxe4 5. d4 d5 6. Bd3 Nc6 7. 0-0 Be7 8. Re1 Bg4 9. Be3 0-0 10. h3 Bh5 11. c4 Ng5 12. Be2 Nxf3+ 13. gxf3 dxc4 14. Nc3 Qd7 15. Kh2 Rad8 16. d5 Ne5 17. f4 Bxe2 18. Qxe2 Nd3 19. Rg1 Bd6 20. Qd2 Qf5 21. Kg3 Bb4 22. Kh2 f6 23. Rg3 Rf7 24. Rag1 Rxd5 25. Rxg7+ Rxg7 26. Rxg7+ Kxg7 27. Nxd5 0-1

[Event "Mittelfranken-chT 0405"]
[Site "Germany"]
[Date "2005.03.13"]
[Round "7.2"]
[White "Martin Fernandez, Rodrigo"]
[Black "Bous, Florian"]
[Result "1-0"]
[WhiteElo "2081"]
[BlackElo "1980"]
[PlyCount "67"]
[EventDate "2004.10.17"]
[EventType "team"]
[EventRounds "9"]
[EventCountry "GER"]
[SourceTitle "EXT 2007"]
[Source "ChessBase"]
[SourceDate "2006.11.23"]
[SourceVersion "1"]
[SourceVersionDate "2006.11.23"]
[SourceQuality "1"]

1. d4 Nf6 2. c4 g6 3. Nc3 d5 4. Bf4 Bg7 5. e3 c5 6. Nf3 0-0 7. Be5 dxc4 8. Bxc4 cxd4 9. exd4 Nc6 10. 0-0 Bg4 11. h3 Bxf3 12. Qxf3 Qb6 13. Rfd1 Rad8 14. Bb3 Nxe5 15. dxe5 Nd7 16. Nd5 Nxe5 17. Nxe7+ Kh8 18. Qg3 Rxd1+ 19. Rxd1 Qc5 20. Nd5 Nc4 21. Qh4 Nxb2 22. Nf6 h6 23. Nd7 Qf5 24. Rd5 Qb1+ 25. Kh2 Re8 26. Nf6 Rf8 27. Nd7 Re8 28. Qf4 f5 29. Ne5 Kh7 30. Rd7 Qe1 31. Nxg6 Re6 32. Nf8+ Kh8 33. Rxg7 Rf6 34. Rg8# 1-0

[Event "Mittelfranken-chT 0405"]
[Site "Germany"]
[Date "2005.02.28"]
[Round "6.2"]
[White "Fuchs, Gerhard"]
[Black "Bous, Florian"]
[Result "1-0"]
[WhiteElo "2134"]
[BlackElo "1980"]
[PlyCount "81"]
[EventDate "2004.10.17"]
[EventType "team"]
[EventRounds "9"]
[EventCountry "GER"]
[SourceTitle "EXT 2007"]
[Source "ChessBase"]
[SourceDate "2006.11.23"]
[SourceVersion "1"]
[SourceVersionDate "2006.11.23"]
[SourceQuality "1"]

1. b3 e6 2. Bb2 Nf6 3. g3 a5 4. Nc3 d5 5. Bg2 Bd7 6. a4 c6 7. Nf3 Bd6 8. d4 0-0 9. 0-0 b5 10. axb5 cxb5 11. Ne5 Be8 12. Qd3 Qb6 13. e4 b4 14. Na4 Qb7 15. exd5 exd5 16. Rfe1 Bb5 17. Qf5 Qc8 18. Qxc8 Rxc8 19. c4 bxc3 20. Nxc3 Be8 21. Nxd5 Nxd5 22. Bxd5 Ra7 23. Rec1 Rd8 24. Nc6 Nxc6 25. Bxc6 Bb4 26. d5 f6 27. Bc3 Rc7 28. Rxa5 Bxc3 29. Rxc3 Bf7 30. b4 Kf8 31. Re3 Re7 32. Rxe7 Kxe7 33. f4 Kd6 34. Ra1 Rb8 35. b5 Kc5 36. Rc1+ Kd6 37. Kf2 Rc8 38. Rd1 Rb8 39. Ke3 Rb6 40. Kd4 Rb8 41. Ra1 1-0